000 00292nam a22001217a 4500
008 170609b xxu||||| |||| 00| 0 eng d
041 _aeng
080 _a324
100 _a19
101 _ashp
245 _aKENYA THE POLITICS OF PARTICIPATION AND CONTROL
_cBIENEN.H
942 _2udc
_cBK
999 _c16728
_d16728